00515 2200181 4500001002100000005001500021035002000036007000300056008004100059020002200100082001000122084001600132100002200148245005700170260003800227300004000265650002800305INLIS00000000000105520241010085202 a0010-1024000025ta241010 g 0 ind  a978-979-582-281-3 a634.6 a634.6 HAR b0 aHaris Bahrun,Abd.1 aBUDI DAYA dan pengolahan kelapa /cHaris Bahrun,Abd. aJakarta :bPertanian Press,c2024 a84 hlm, :bilus, ;c21 cm X 29,5 cm 4aBUDI DAYA KELAPA GENJAH